Encyclopaedia of curriculum development/ (Record no. 34975)
[ view plain ]
| 000 -LEADER | |
|---|---|
| fixed length control field | 01314nam a22002657a 4500 |
| 005 - DATE AND TIME OF LATEST TRANSACTION | |
| control field | 20100331161810.0 |
| 008 - FIXED-LENGTH DATA ELEMENTS--GENERAL INFORMATION | |
| fixed length control field | 100331t xxu||||| |||| 00| 0 eng d |
| 010 ## - LCCN (DPL NO) | |
| LC control number | ENG-95368-70 |
| 020 ## - INTERNATIONAL STANDARD BOOK NUMBER | |
| International Standard Book Number | 9788131305751 |
| Terms of availability | 2195.00 (Set of 3 V.) |
| 035 ## - SYSTEM CONTROL NUMBER | |
| System control number | EN-78901-03 |
| 037 ## - SOURCE OF ACQUISITION | |
| Source of stock number/acquisition | DBAD/PUB |
| 040 ## - CATALOGING SOURCE | |
| Original cataloging agency | DPL |
| 082 ## - DEWEY DECIMAL CLASSIFICATION NUMBER | |
| Classification number | 375.001 |
| 100 ## - MAIN ENTRY--PERSONAL NAME | |
| Personal name | Sharma, Promila |
| 245 ## - TITLE STATEMENT | |
| Title | Encyclopaedia of curriculum development/ |
| Statement of responsibility, etc | by Promila Sharma |
| 260 ## - PUBLICATION, DISTRIBUTION, ETC. (IMPRINT) | |
| Place of publication, distribution, etc | New Delhi |
| Name of publisher, distributor, etc | APH Publishing Corporation |
| Date of publication, distribution, etc | 2009 |
| 300 ## - PHYSICAL DESCRIPTION | |
| Extent | 3 v. (ix, 286p. ; ix, 284p. ; ix, 304p. ;) |
| Dimensions | 23 cm. (Hb.) |
| 500 ## - GENERAL NOTE | |
| General note | includes index |
| 500 ## - GENERAL NOTE | |
| General note | It is a set of 3 vols. and set price is Rs.2195.00 |
| 505 ## - FORMATTED CONTENTS NOTE | |
| Miscellaneous information | V.I- Curriculum development. V.II Curriculum research. V.III Principles of curriculum |
| 942 ## - ADDED ENTRY ELEMENTS (KOHA) | |
| Source of classification or shelving scheme | Dewey Decimal Classification |
| Item type | English Books |
| Classification part | 375.001 |
| Call number suffix | SHA |
| Withdrawn status | Lost status | Source of classification or shelving scheme | Materials specified (bound volume or other part) | Damaged status | Not for loan | Collection code | Home library | Current library | Date acquired | Source of acquisition | Cost, normal purchase price | Total Checkouts | Full call number | Barcode | Date last seen | Copy number | Cost, replacement price | Koha item type | Public note |
|---|---|---|---|---|---|---|---|---|---|---|---|---|---|---|---|---|---|---|---|
| Dewey Decimal Classification | V.I | Not For Loan | Non-fiction | D.B.Act.Division | D.B.Act.Division | 07/11/2009 | DBAD/PUB | 2195.00 | 375.001 SHA | EN-78901 | 31/03/2010 | 1 | 2195.00 | English Books | V.I | ||||
| Dewey Decimal Classification | V.II | Not For Loan | Non-fiction | D.B.Act.Division | D.B.Act.Division | 07/11/2009 | DBAD / PUB | 2195.00 | 375.001 SHA | EN-78902 | 31/03/2010 | 1 | 2195.00 | English Books | V.II | ||||
| Dewey Decimal Classification | V.III | Not For Loan | Non-fiction | D.B.Act.Division | D.B.Act.Division | 07/11/2009 | DBAD/PUB | 2195.00 | 375.001 SHA | EN-78903 | 31/03/2010 | 1 | 2195.00 | English Books | V.III |
